000 00836nam a2200217Ii 4500
003 JO-AjNU
008 230605s9999||||xx |||||||||||||| ||und||
017 _a2003/5/911
040 _aJO-AjNU
_bara
_erda
_cJO-AjNU
041 _aara
050 1 4 _aDS38.1.Z346 2015
100 3 _aتاليف الزيدي، مفيد,
_eauthor
_960314
245 0 0 _aموسوعة التاريخ الاسلامي: العصر العثماني(1516-1916م)
250 _aط1
264 3 1 _aعمان: دار اسامة للنشر والتوزيع، 2015
300 _a320ص
_bطبعة مزيدة ومنقحة
336 _atext
_btxt
_2rdacontent
337 _aunmediated
_bn
_2rdamedia
338 _avolume
_bnc
_2rdacarrier
650 4 _aالتاريخ الاسلامي-امارة العثمانين1289-1402-تاريخ العرب-الموسوعات
_960315
999 _aA27190
_c30758
_d30758